Statistics for Best Fight Club Movie Quotes Quiz

Click here to take the quiz!

General Stats

  • This quiz has been taken 1,247 times
    (1,245 since last reset)
  • The average score is 10 of 15

Answer Stats

Character Quote Answer % Correct
Tyler DurdenThe first rule of Fight Club is - you do not ____ about Fight Clubtalk
100%
Tyler DurdenHow much can you possibly know about yourself
if you've never been in a _____?
fight
96%
Tyler DurdenThe things you own, they end up ______ youowning
89%
Tyler DurdenIt's only after we've lost __________ that we're free to do anythingeverything
89%
Tyler DurdenWithout pain, without sacrifice, we would have _______nothing
88%
Tyler DurdenIf this is your first night at Fight Club, you ____ __ _____have to fight
85%
NarratorWhen you have _______, you're never really asleep... and you're never really awakeinsomnia
80%
Tyler DurdenFight Club was the beginning, now it's moved out of the basement,
it's called Project ______
Mayhem
74%
Tyler DurdenYou have to consider the possibility that ___ does not like you, never wanted you, in all probability he hates youGod
73%
MarlaThe ______ is the glass slipper of our generation. You slip it on, you dance the night away with a stranger, and then you throw it awaycondom
58%
NarratorOn a long enough timeline, the _______ rate for
everyone drops to zero
survival
50%
Tyler DurdenYou are not a beautiful and unique _________snowflake
47%
Tyler DurdenYou are not your ___. You are not how much money
you have in the bank
job
42%
Tyler DurdenWe're a generation of men raised by women. I'm wondering if
______ _____ is really the answer we need.
another woman
32%
NarratorI felt like putting a bullet between the eyes of every _____ that wouldn't screw to save its speciesPanda
29%

Score Distribution

Percentile by Number Answered

Percent of People with Each Score

Your Score History

You have not taken this quiz since the last reset